| 000 | 00000nas##2200000za#4500 |
| 001 | 9.514545 |
| 003 | CaOODSP |
| 005 | 20200325125908 |
| 007 | ta |
| 008 | 150406c1990||||xxc|| m #||||f| |0eng|d |
| 040 | |aCaOODSP|beng |
| 043 | |an-cn--- |
| 086 | 1 |aEn108-3/1E |
| 110 | 1 |aCanada.|bCanadian Council of Ministers of the Environment. |
| 245 | 10|a[Report.] |
| 260 | |aWinnipeg - Manitoba : |bCanadian Council of Ministers of the Environment |
| 500 | |aCanadian cataloguing in publication data printed in these publications. |
| 546 | |aRésumés en français |
| 563 | |aSoftcover |
| 775 | 08|t[Rapport.] |w(CaOODSP)9.512948 |
| 776 | 0#|t[Report] |w(CaOODSP)9.512526 |